| 000 | 00663na a2200217 4500 | ||
|---|---|---|---|
| 001 | 19325 | ||
| 003 | MIRAKIL | ||
| 005 | 20181213155103.0 | ||
| 008 | 161213b tu 000 0 | ||
| 040 |
_aMilas _btur _cTR-AnCHP |
||
| 041 | _atur | ||
| 082 |
_a338.9 _bD35t 1998 |
||
| 090 | _a338.9 D35t 1998 | ||
| 100 | _aDemirel, Süleyman | ||
| 245 |
_aTurkey Towards 1999 _bDevelopments in 1998 and the goals of 1999 _cSüleyman Demirel |
||
| 246 | _aDevelopments in 1998 and the goals of 1999 | ||
| 260 |
_aAnkara _bBaşbakanlık Basımevi _c1998 |
||
| 300 |
_a101 s. _c18 sm. |
||
| 650 |
_aEkonomik kalkınma ve büyüme _y1999 _zTürkiye |
||
| 942 |
_2ddc _cBKS |
||
| 999 |
_c6296 _d6296 |
||